[Event "FRA-chT3 Gr8 0203"]
[Site "France"]
[Date "2003.02.02"]
[Round "6"]
[White "Chwastiak, Aurelie"]
[Black "De Buck, Celine"]
[Result "1-0"]
[WhiteElo "1330"]
[BlackElo "1499"]
[PlyCount "21"]
[EventDate "2002.10.??"]
[EventType "team"]
[EventRounds "9"]
[EventCountry "FRA"]
[SourceTitle "EXT 2005"]
[Source "ChessBase"]
[SourceDate "2004.11.15"]
[SourceVersion "1"]
[SourceVersionDate "2004.11.15"]
[SourceQuality "1"]

1. d4 g6 2. Nc3 Bg7 3. Nf3 b6 4. e3 Nf6 5. Be2 d5 6. 0-0 Nc6 7. Bd2 0-0 8. Rc1 Re8 9. Bb5 Qd7 10. Ne5 Qe6 11. Bxc6 1-0